Healthy Food For Babies & Toddlers

Bibliographic Details
Main Author: Westcott, Patsy
Format: Book
Published: Alexandria, Virginia : Time Life Books , 1998
Series:Health Factfile
Subjects:

MARC

LEADER 00000cam a2200000 7i4500
001 0000062355
005 20160409.0
008 160409
020 |a 0737016043 
020 |a 9780737016048 
090 0 0 |a 613.2083   |b WES 
100 1 |a Westcott, Patsy 
245 1 0 |a Healthy Food For Babies & Toddlers   |c Westcott, Patsy 
260 |a Alexandria, Virginia :   |b Time Life Books ,   |c 1998 
300 |a 112pg. :   |b Col.ill 
490 1 |a Health Factfile 
650 0 |a English Fiction 
999 |a 0000926955   |b Book   |c Adult Collection   |e Cawangan Bukit Gambir 
999 |a 0000926956   |b Book   |c Adult Collection   |e Cawangan Bukit Gambir 
999 |a 0000935973   |b Book   |c Adult Collection   |e Cawangan Tangkak 
999 |a 0000935974   |b Book   |c Adult Collection   |e Cawangan Tangkak